Score 0/26 Timer 05:00
1 Play Today
Hint Answer % Correct
Ludwig van ____Beethoven
94.5%
____ MarxKarl
94.3%
____ BonaparteNapoleon
93.6%
____ AustenJane
91.7%
____ S. GrantUlysses
87.1%
____ Purchase, 1803Louisiana
83.4%
____ von BismarckOtto
83.3%
____ TubmanHarriet
80.3%
____ ChekhovAnton
74.6%
____ BolívarSimón
74.4%
____ War, 1853-56Crimean
70.2%
____ ZolaÉmile
59.6%
Battle of ____, 1815Waterloo
58.6%
Hint Answer % Correct
Henrik ____Ibsen
58%
Sojourner ____Truth
57.3%
Fyodor ____Dostoyevsky
51.3%
Shaka ____Zulu
49.9%
____ DynastyQing
48.4%
Congress of ____, 1815Vienna
48.2%
Seneca ____ Convention, 1848Falls
42%
____ FlaubertGustave
39%
José de San ____Martín
22.9%
Taiping ____, 1850-64Rebellion
19.6%
____ Revolution, 1896-98Philippine
7.1%
Hong ____, rebel leaderXiuquan
3.8%
Tokugawa ____Yoshinobu
3.7%

Today's Daily Dose

Remove Ads.
Support Sporcle.
Get the best of Sporcle when you Go Orange. This ad-free experience offers more features, more stats, and more fun while also helping to support Sporcle. Thank you for becoming a member.

You're not logged in!

Compare scores with friends on all Sporcle quizzes.
OR
Log In

Show Comments

Extras

Top Quizzes Today


Score Distribution

Your Account Isn't Verified!

In order to create a playlist on Sporcle, you need to verify the email address you used during registration. Go to your Sporcle Settings to finish the process.

Report this User

Report this user for behavior that violates our Community Guidelines.

Details: